UM Logo

Observer based generalized active damping for voltage source converters with LCL filters / (Record no. 18814)

MARC details
000 -LEADER
fixed length control field 00961nam a22002417a 4500
003 - CONTROL NUMBER IDENTIFIER
control field OSt
005 - DATE AND TIME OF LATEST TRANSACTION
control field 20251014154409.0
008 - FIXED-LENGTH DATA ELEMENTS--GENERAL INFORMATION
fixed length control field 240130b ||||| |||| 00| 0 eng d
040 ## - CATALOGING SOURCE
Transcribing agency 0
082 ## - DEWEY DECIMAL CLASSIFICATION NUMBER
Classification number c
100 ## - MAIN ENTRY--PERSONAL NAME
Personal name Awal, M. A.
Relator term author.
9 (RLIN) 50959
245 ## - TITLE STATEMENT
Title Observer based generalized active damping for voltage source converters with LCL filters /
Statement of responsibility, etc. M. A. Awal, Leandro Della Flora, and Iqbal Husain.
260 ## - PUBLICATION, DISTRIBUTION, ETC. (IMPRINT)
Place of publication, distribution, etc. New York ;
Name of publisher, distributor, etc. The Institute of Electrical and Electronics Engineers, Inc. ,
Date of publication, distribution, etc. January 2022.
300 ## - PHYSICAL DESCRIPTION
Extent Volume 37, pages 125-136 :
Other physical details illustration ;
Dimensions 28 cm.
500 ## - GENERAL NOTE
General note IEEE Transactions on Power Electronic, v. 37 n. 1, pages 125-136, January 2022.
650 #0 - SUBJECT ADDED ENTRY--TOPICAL TERM
Topical term or geographic name as entry element Current measurement.
9 (RLIN) 65721
650 #0 - SUBJECT ADDED ENTRY--TOPICAL TERM
Topical term or geographic name as entry element Frequency control.
9 (RLIN) 65728
650 #0 - SUBJECT ADDED ENTRY--TOPICAL TERM
Topical term or geographic name as entry element Voltage control.
9 (RLIN) 65727
700 ## - ADDED ENTRY--PERSONAL NAME
Personal name Awal, M. A.
Relator term author.
9 (RLIN) 50959
700 ## - ADDED ENTRY--PERSONAL NAME
Personal name Della Flora, Leandro.
Relator term author.
9 (RLIN) 50960
700 ## - ADDED ENTRY--PERSONAL NAME
Personal name Husain, Iqbal.
Relator term author.
9 (RLIN) 50961
942 ## - ADDED ENTRY ELEMENTS (KOHA)
Source of classification or shelving scheme Dewey Decimal Classification
Koha item type Periodicals
Holdings
Withdrawn status Lost status Source of classification or shelving scheme Damaged status Not for loan Collection code Home library Current library Date acquired Total Checkouts Full call number Date last seen Price effective from Koha item type Public note
    Dewey Decimal Classification     Periodicals UM Digos College - LIC UM Digos College - LIC 01/30/2024   DPer 621.317 Ie21 January 2022 v. 37 n. 1 01/30/2024 01/30/2024 Periodicals Periodical Article